Leadership žen a mužů v 21. století

Aspekty úspechu lídrov. Rozdiely a spoločné znaky v prístupe mužov a žien. Riadenie stakeholderov. Význam dlhodobých pilierov pre kariérny rast. Význam osobnostných charakteristík pre kariérny rast. Podpora rodiny v kariére. Dôležitosť strategickej vízie a dosahovania cieľov.

Guardado en:
Detalles Bibliográficos
Autor principal: Krobová, Lenka
Otros Autores: Kearney, A.T
Formato: Capítulo de libro
Lenguaje:checo
Materias:
Etiquetas: Agregar Etiqueta
Sin Etiquetas, Sea el primero en etiquetar este registro!

MARC

LEADER 00000naa a2200000 4500
001 0214656
005 20221104111852.0
041 0 |a cze 
044 |a CZ 
245 1 0 |a Leadership žen a mužů v 21. století  |c Lenka Krobová, A.T. Kearney 
520 |a Aspekty úspechu lídrov. Rozdiely a spoločné znaky v prístupe mužov a žien. Riadenie stakeholderov. Význam dlhodobých pilierov pre kariérny rast. Význam osobnostných charakteristík pre kariérny rast. Podpora rodiny v kariére. Dôležitosť strategickej vízie a dosahovania cieľov. 
610 2 0 |a riadenie 
610 2 0 |a lídri 
610 2 0 |a manažéri 
610 2 0 |a práca tímová 
610 2 0 |a komunikácia 
610 2 0 |a kontrola 
610 2 0 |a asertivita 
610 2 0 |a kariéra 
100 1 |a Krobová, Lenka 
700 1 |a Kearney, A.T.